00783 2200277 4500001002100000005001500021035002500036090002200061245003800083250003400121260004300155300002800198850001200226007000300238008004100241020001800282040001700300082001700317084001900334100003200353650003200385999002200417990002200439990002200461990002200483YOGYA00000000008051920240902095511 a0010-081400000080236 aCB-D.11 2007-106510aPada akhirnya /cAnwar Putra Bayu aCetakan pertama: Januari 200731aYogykarta :bHikayat Publishing,c2007 axvi, 144 hlm. ;c21 cm. aYOPDYOGta131202s2007 yoi g p ind d a979-25-5982-5 aYOPDYOGbind04223a899.2211 a899.2211 ANW p0 aAnwar Putra BayuePengarang 4aPuisi Indonesia--xKumpulan aCB-D.11/2007-1065 aCB-D.11/2007-1065 aCB-D.11/2007-1065 aCB-D.11/2007-1065